A Controversial Heritage
| Titel: | A Controversial Heritage : Residential Architecture of the Transition Period in Estonia / Riin Alatalu, Maris Mändel, Olliver Orro, Triin Reidla |
|---|---|
| Verfasser: | ; ; ; |
| In: |
Baltic journal of art history, Band 19 (2020), Seite 129-154 alle Artikel anzeigen |
| Veröffentlicht: | 2020 |
| Umfang: | 2 Illustrationen |
| Format: | Aufsatz |
| Sprache: | Englisch |
X
alg: 47897693 001A $03025:11-05-21 001B $01999:22-05-24 $t22:38:28.000 001D $03025:11-05-21 001U $0utf8 001X $00 002@ $0Aou 002C $aText $btxt $2rdacontent 002D $aohne Hilfsmittel zu benutzen $bn $2rdamedia 002E $aBand $bnc $2rdacarrier 003@ $0478976933 007A $0478976933 $aHEB 010@ $aeng 010E $erda 011@ $a2020 021A $aA Controversial Heritage $dResidential Architecture of the Transition Period in Estonia $hRiin Alatalu, Maris Mändel, Olliver Orro, Triin Reidla 028A $BVerfasser $4aut $71330336763 $8Alatalu, Riin$Z1968- [Tp3] $9518474364 028C $BVerfasser $#Suits, Maris $4aut $71151520195 $8Mändel, Maris$Z1982- [Tp3] $9425296792 028C $BVerfasser $4aut $71033495514 $8Orro, Oliver$Z1981- [Tp3] $9320504751 028C $BVerfasser $4aut $8Reidla, Triin [Tnu] $947897681X 031A $d19 $g26 $h129-154 $j2020 034M $a2 Illustrationen 039B $aEnthalten in $8--Abvc--. Baltic journal of art history. - Tartu : Univ. of Tartu Press, 2009-. - ISSN 1736-8812 $x202000000190000871 $9224987135 044K $RĖstljandskaja Gubernija $RĖstonskaja SSR $#Estland $#Estland $#Estnische SSR $#Eesti $#Estonskaja SSR $#EV $#Estonia 1918 - 1940, 1991 - $#Republik Estland $#Eesti Vabariik $#Republic of Estonia $#Ėstonskaja Respublika $#Estnische Republik $#Estonia 1918-1940 ; ab 1991 $#Estonia $#Estonie $74015587-0 $8Estland [Tg1] $9085035777 044K $RKulturgüterschutz $RDenkmalpflege $ROrtsbildschutz $#Denkmalschutz $#Denkmalschutzrecht $#Denkmalrecht $74011457-0 $8Denkmalschutz [Ts1] $9085023329 044K $#Cultural property $#Patrimoine culturel $#Patrimonio cultural $#Kulturerbe $#Kulturelles Erbe $74033560-4 $8Kulturerbe [Ts1] $9085089648 044K $RArchitekt $RBaudenkmal $RBauweise $RInnenarchitektur $#Architecture $#Architecture $#Baukunst $74002851-3 $8Architektur [Ts1] $9084999292 044K $RModerne $RSubmoderne $#Postmodernism $#Postmodernisme $#Postmodernismo $#Postmodernismo $#Postmoderne $#Postmoderne $#Postmodernismus $74115604-3 $8Postmoderne [Ts1] $9085350052 044K $RRaumordnung $RStadtentwicklungsplan $#City planning $#Urbanisme $#Stadt Planung $#Stadtentwicklungsplanung $74056754-0 $8Stadtplanung [Ts1] $9085158046 045F $a709.479809049 $eDDC23BSB 045F/01 $a709 045F/03 $f09048 045F/03 $f09049 045F/03 $g4798 045R $aGeschichte 1988-1999 045T $a9,10 lok: 47897693 78 exp: 47897693 78 1 #EPN 201B/01 $011-05-21 $t15:32:22.000 201C/01 $011-05-21 201U/01 $0utf8 203@/01 $01152805959 208@/01 $a11-05-21 $be 209A/01 $a/ $f000 $x00 209A/01 $ab*p $x01 220C/01 $akoe 247C/01 $82080>Marburg/Lahn, Herder-Institut, Forschungsbibliothek, Bibliographieportal $9336309341
| LEADER | 00000caa a2200000 c 4500 | ||
|---|---|---|---|
| 001 | 478976933 | ||
| 003 | DE-603 | ||
| 005 | 20240522223828.0 | ||
| 007 | tu | ||
| 008 | 210511s2020 xx |||| | u00||u|eng c | ||
| 035 | |a (DE-599)HEB478976933 | ||
| 040 | |a DE-603 |b ger |c DE-603 |d DE-603 |e rda | ||
| 041 | |a eng | ||
| 082 | 0 | 4 | |8 1\u |a 709.479809049 |q DE-101 |2 23/BSB |
| 084 | |a 9,10 |2 ssgn | ||
| 085 | |8 1\u |b 709 | ||
| 085 | |8 1\u |z 1 |s 09048 | ||
| 085 | |8 1\u |z 1 |s 09049 | ||
| 085 | |8 1\u |z 2 |s 4798 | ||
| 100 | 1 | |a Alatalu, Riin |d 1968- |e Verfasser |4 aut |0 (DE-603)518474364 |0 (DE-588)1330336763 |2 gnd | |
| 245 | 0 | 0 | |a A Controversial Heritage |b Residential Architecture of the Transition Period in Estonia |c Riin Alatalu, Maris Mändel, Olliver Orro, Triin Reidla |
| 264 | 0 | |c 2020 | |
| 300 | |b 2 Illustrationen | ||
| 336 | |a Text |b txt |2 rdacontent | ||
| 337 | |a ohne Hilfsmittel zu benutzen |b n |2 rdamedia | ||
| 338 | |a Band |b nc |2 rdacarrier | ||
| 648 | 7 | |a Geschichte 1988-1999 |2 gnd | |
| 650 | 7 | |a Denkmalschutz |0 (DE-588)4011457-0 |0 (DE-603)085023329 |2 gnd | |
| 650 | 7 | |a Kulturerbe |0 (DE-588)4033560-4 |0 (DE-603)085089648 |2 gnd | |
| 650 | 7 | |a Architektur |0 (DE-588)4002851-3 |0 (DE-603)084999292 |2 gnd | |
| 650 | 7 | |a Postmoderne |0 (DE-588)4115604-3 |0 (DE-603)085350052 |2 gnd | |
| 650 | 7 | |a Stadtplanung |0 (DE-588)4056754-0 |0 (DE-603)085158046 |2 gnd | |
| 651 | 7 | |a Estland |0 (DE-588)4015587-0 |0 (DE-603)085035777 |2 gnd | |
| 700 | 1 | |a Mändel, Maris |d 1982- |e Verfasser |4 aut |0 (DE-603)425296792 |0 (DE-588)1151520195 |2 gnd | |
| 700 | 1 | |a Orro, Oliver |d 1981- |e Verfasser |4 aut |0 (DE-603)320504751 |0 (DE-588)1033495514 |2 gnd | |
| 700 | 1 | |a Reidla, Triin |e Verfasser |4 aut |0 (DE-603)47897681X | |
| 773 | 0 | 8 | |i Enthalten in |t Baltic journal of art history |d Tartu : Univ. of Tartu Press, 2009- |h 24 cm |x 1736-8812 |g Band 19 (2020), Seite 129-154 |w (DE-603)224987135 |w (DE-600)2563410-0 |
| 924 | 0 | |9 2080 |a (DE-603)1152805959 |b DE-2080 |c HES |d d |g / | |


